000 00678nam a2200205 a 4500
005 20240911064545.0
008 050216s2002 es r 000 0 spa d
020 _a8483074664
035 _aUPN01000138192
049 _aCG
050 4 _aB29
_bB4.3
100 1 _aBerlin, Isaiah,
_d1909-1997
_933361
245 1 3 _aEl fuste torcido de la humanidad :
_bcapítulos de historia de las ideas /
_cIsaiah Berlin ; tr. de José Manuel Alvarez Flórez.
260 _aBarcelona, Esp. :
_bPenínsula,
_c2002.
300 _a445 p.
534 _pTítulo original:
_tThe crooked timber of humanity
650 4 _aCivilización moderna
_98265
650 4 _aFilosofía
_95327
905 _aLibro
999 _c110340
_d110340